Statistics for 歴代日本ダービー優勝馬名

Click here to take the quiz!

General Stats

  • This quiz has been taken 76 times
  • The average score is 27 of 90

Answer Stats

開催年Answer% Correct
2007年(74回目)ウオッカ
77%
1998年(65回目)スペシャルウィーク
77%
2005年(72回目)ディープインパクト
77%
1984年(51回目)シンボリルドルフ
74%
1994年(61回目)ナリタブラ イアン
72%
1991年(58回目)トウカイテイオー
70%
2022年(89回目)ドウデュース
70%
1964年(31回目)シンザン
68%
2015年(82回目)ドゥラメンテ
64%
1993年(60回目)ウイニングチケット
64%
1999年(66回目)アドマイヤベガ
64%
1983年(50回目)ミスターシービー
64%
2020年(87回目)コントレイル
62%
2008年(75回目)ディープスカイ
57%
2004年(71回目)キングカメハ メ ハ
57%
1992年(59回目)ミホノブルボン
55%
2023年(90回目)タスティエーラ
55%
1951年(18回目)トキノミノル
55%
1985年(52回目)シリウスシンボリ
53%
2002年(69回目)タニノギムレット
53%
2011年(78回目)オルフェーヴル
53%
2013年(80回目)キズナ
51%
2021年(88回目)シャフリヤール
51%
2001年(68回目)ジャングルポケット
49%
1997年(64回目)サニーブライアン
49%
2016年(83回目)マカヒキ
49%
1941年(10回目)セントライト
49%
2018年(85回目)ワグネリアン
45%
2006年(73回目)メイショウサムソン
45%
2010年(77回目)エイシンフラッシュ
45%
2000年(67回目)アグネスフライト
45%
2012年(79回目)ディープブリランテ
43%
1990年(57回目)アイネスフウジン
43%
1996年(63回目)フサイチコンコルド
43%
2003年(70回目)ネオユニヴァース
40%
1932年(1回目ワカタカ
36%
1943年(12回目)クリフジ
36%
2019年(86回目)ロジャーバローズ
34%
1988年(55回目)サクラチヨノオー
34%
2017年(84回目)レイデオロ
34%
2009年(76回目)ロジ ユニヴァース
34%
2014年(81回目)ワンアンドオンリー
30%
1989年(56回目)ウィナーズサークル
21%
1960年(27回目)コダマ
21%
1995年(62回目)タヤスツヨシ
21%
1939年(8回目)クモハタ
19%
1975年(42回目)カブラヤオー
19%
1970年(37回目)
タニノムーティエ
17%
1933年(2回目)カブトヤマ
17%
1987年(54回目)メリーナイス
17%
1937年(6回目)ヒサトモ
15%
1956年(23回目)ハクチカラ
15%
1980年(47回目)オペックホース
13%
1973年(40回目)タケホープ
13%
1986年(53回目)ダイナガリバー
11%
1977年(44回目)ラッキールーラ
11%
1981年(48回目)カツトップエース
11%
1976年(43回目)クライムカイザー
11%
1935年(4回目)ガヴァナー
11%
1955年(22回目)オートキツ
11%
1963年(30回目)メイズイ
11%
1971年(38回目)ヒカ ル イマイ
11%
1953年(20回目)ボストニアン
9%
1938年(7回目)スゲヌマ
9%
1940年(9回目)イエリュウ
9%
1936年(5回目)トクマサ
9%
1944年(13回目)カイソウ
9%
1934年(3回目)フレーモア
9%
1979年(46回目)カツラノハイセイコ
9%
1965年(32回目)キーストン
9%
1967年(34回目)アサデンコウ
9%
1968年(35回目)タニノハローモア
9%
1969年(36回目)ダイシンボルガード
9%
1947年(14回目)マツミドリ
9%
1972年(39回目)ロングエース
9%
1954年(21回目)ゴールデンウェーブ
6%
1982年(49回目)バンブーアトラス
6%
1949年(16回目)タチカゼ
6%
1957年(24回目)ヒカルメイジ
6%
1942年(11回目)ミナミホマレ
6%
1952年(19回目)クリノハナ
6%
1978年(45回目)サクラショウリ
6%
1948年(15回目)ミハルオー
6%
1961年(28回目)ハクショウ
6%
1974年(41回目)コーネル ランサー
6%
1962年(29回目)フェアウィン
4%
1966年(33回目)テイトオー
4%
1958年(25回目)ダイゴホマレ
4%
1950年(17回目)クモノハナ
4%
1959年(26回目)コマツヒカリ
4%

Score Distribution

Percentile by Number Answered

Percent of People with Each Score

Your Score History

You have not taken this quiz